| 000 | 00456nam a22001817a 4500 | ||
|---|---|---|---|
| 005 | 20230821112951.0 | ||
| 008 | 230818b |||||||| |||| 00| 0 eng d | ||
| 020 | _a978-81-8448-629-2 | ||
| 041 | _aeng | ||
| 082 | _a616.026 MEH-B | ||
| 100 |
_aMEHTA, MANJU _98122 |
||
| 245 | _aBEHAVIOURAL SCIENCE IN MEDICAL PRACTICE | ||
| 250 | _a2ND, ED. 2009 | ||
| 260 |
_aNEW DELHI _bJAYPEE BROTHERS _c2009 |
||
| 300 | _a257;p | ||
| 650 |
_aBPT _98123 |
||
| 942 | _cBK | ||
| 999 |
_c8394 _d8392 |
||